| 000 | 00554nam a22001817a 4500 | ||
|---|---|---|---|
| 005 | 20141212121936.0 | ||
| 010 | _aENG-111330 | ||
| 020 |
_a9788184985535 _c499.00 |
||
| 035 | _aEN-94862 | ||
| 037 | _bDBAD/PUB | ||
| 082 | _a916.60433 | ||
| 100 | _aConstant, Paula | ||
| 245 |
_aSahara : _cby Paula Constant _ba journey of love, loss and survival / |
||
| 260 |
_aPune _bMehta Publishing House _c2014 |
||
| 270 |
_a1941, Sadashiv Peth, Madiwale Colony _bPune _e411030 |
||
| 300 |
_a415p. _c23cm(pbk) |
||
| 942 |
_2ddc _cEN _mCON _h916.60433 |
||
| 999 |
_c90235 _d90235 |
||